000
00308nam a2200121Ia 4500
005
20260328101508.0
008
260328s9999||||xx |||||||||||||| ||und||
100
_a
RodrÃguez, Santiago
245
0
_a
La Catedral de Burgos /
_c
Santiago RodrÃguez
260
_b
Photo Club
650
_a
ARQUITECTURA
942
_c
BK
999
_c
9099
_d
9099